000 00403nam a2200145Ia 4500
003 OSt
005 20260123153616.0
008 211028s2016 xx 000 0 und d
040 _cAIMIT LIBRARY
041 _aeng
100 _aJohn, Syam; Rose, Swapna.
_g1416150
_97568
245 _aStudy on customer satisfaction at Mayur industries /
260 _aMangalore
_bSwapana Rose.
_c2016
942 _2ddc
_cPRO
999 _c219136
_d219136